00443nam a2200121Ia 4500008004100000245005600041245006200097260000900159650001300168856004800181999001900229952007300248171211s9999 xx 000 0 und d aHandbook of Practical Program Evaluation, 3 edition cHarry P. Hatry, Joseph S. Wholey, and Kathryn E. Newcomer c2010 xBUSINESS uhttp://down.ebook777.com/063/047052247X.pdf c349473d349473 001040aCLbCLd2017-12-11l0r2017-12-11 00:00:00w2017-12-11yCBE